00933nam a2200205 a 450000100100000000500170001000800410002704000250006808200190009310000340011224500430014626000740018930000200026365000290028365000310031204900090034395201760035295201820052899900170071000001725420240412074246.0100322s1957 dr 000 j spa d aDO-SdBNPbspacBNPHU aRD863.4bC292s1 aCaro, Néstor,d1917-92799710aSándalo :bcuentos /cNéstor Caro. aCiudad Trujillo, República Dominicana :bEditora del Caribe,c1957. a90 p. ;c17 cm. 0aCuentos dominicanos9176 0aLiteratura dominicana.967 aBNPD 001050718RVaPDbPDcCTd2010-03-22iLF1l0oRD863.4 C292sp17254-10r2020-06-25w2020-06-25y1zPerteneció a la biblioteca personal de Martínez Boog.ZNo se presta 001050718RVaPDbPDcCTd2011-08-30iLF1l0oRD863.4 C292sp17254-20r2020-06-25te. 2w2020-06-25y1zPerteneció a la biblioteca personal de Martínez Boog.ZNo se presta c16779d16779